Vedie - Zelená karta Nesúťažné filmy na Berlinale

Bibliographic Details
Main Author: Kincelová, Emília (Author)
Format: Article
Language:Slovak
PhysicalDescription:Fot. 1.
Subjects:

MARC

LEADER 00000nab a2200000 a 4500
001 vtls000410001
003 SK-MaSNL
005 20260302235145.0
008 150501c1991 xo 0 slo
015 |a SNBRB19rr/mm-uuuuu 
035 |a CL0410125 
040 |a SNKBUCL  |b slo  |c SNKBUCL  |e AACR2 
041 0 |a slo 
044 |a xo  |c SK 
080 |a 791.43.091.4  |2 1981 
100 1 |a Kincelová, Emília  |4 aut  |9 845375 
245 1 0 |a Vedie - Zelená karta  |b Nesúťažné filmy na Berlinale  |c E. Kincelová 
300 |b Fot. 1. 
650 0 7 |a Berlinale 1991 (festival filmový)  |2 snkbucl  |9 153264 
655 7 |a články z novín a časopisov  |2 snkbucl  |9 267496 
773 0 |t Práca  |g Roč. 46, č. 60 (12. 3. 1991), s. 6 
850 |a Slovenská národná knižnica v Martine  |a MTA001 
852 |a SNK  |b KIS3GCP 
958 |a RK 
958 |a DE 
992 |a RBX 
999 |c 1553313  |d 1555243